Marcatori del Sassuolo in UEFA Europa League 2016-2017 - Statistics

Statistiche generali
  • Questo quiz è stato fatto 11 volte
  • Il punteggio medio è 5 su 7
Statistiche sulle risposte
Partita Minuto Marcatore % Corretto
Sassuolo - Athletic Bilbao 3-0 75' Grégoire Defrel
89%
Sassuolo - Rapid Vienna 2-2 34' Grégoire Defrel
89%
Sassuolo - Athletic Bilbao 3-0 82' Matteo Politano
78%
Genk - Sassuolo 3-1 65'' Matteo Politano
78%
Sassuolo - Rapid Vienna 2-2 47' Lorenzo Pellegrini
56%
Sassuolo - Athletic Bilbao 3-0 60' Pol Lirola
56%
Atheltic Bilbao - Sassuolo 3-2 83' Antonino Ragusa
11%
Nessun quiz corrispondente trovato
Distribuzione punteggi
Percentuale di utenti per punteggio
Percentile per numero di risposta
I tuoi punteggi nel tempo
Non hai fatto questo quiz